[Event "GER MS-205 email"]
[Site "GER email"]
[Date "2014.10.28"]
[Round "?"]
[White "Bender, Klaus"]
[Black "Schludecker, Elke"]
[Result "1/2-1/2"]
[WhiteElo "2086"]
[BlackElo "1999"]
[PlyCount "47"]
[EventDate "2014.11.03"]
[EventType "tourn (corr)"]
[EventRounds "6"]
[EventCountry "GER"]
[SourceTitle "Corr 2020"]
[Source "ChessBase"]
[SourceDate "2019.09.30"]
[SourceVersion "1"]
[SourceVersionDate "2019.09.30"]
[SourceQuality "1"]

1. d4 Nf6 2. Bf4 g6 3. Qd2 Bg7 4. Nc3 d5 5. Nf3 Ne4 6. Nxe4 dxe4 7. Ne5 Nd7 8. Nxd7 Qxd7 9. e3 0-0 10. Qb4 b6 11. Rd1 a5 12. Qb5 a4 13. a3 Qxb5 14. Bxb5 Bb7 15. c3 Ra5 16. Be2 Rc8 17. h4 e6 18. g4 h6 19. 0-0 Bf8 20. Kg2 Kg7 21. Rh1 Bd6 22. g5 hxg5 23. hxg5 Rf5 24. Rh4 1/2-1/2